| 000 | 00383nam a2200145Ia 4500 | ||
|---|---|---|---|
| 008 | 230917s9999||||xx |||||||||||||| ||und|| | ||
| 040 |
_e40069 _aMAIN |
||
| 041 | _aEnglish | ||
| 082 | _a822.09 K163E | ||
| 100 | _aKaufmann, R J, ed | ||
| 245 | 0 | _aElizabethan drama: modern essays in criticism | |
| 260 |
_aLondon _bOxford University Press _c1970 |
||
| 300 | _a372 p. | ||
| 942 | _cBK | ||
| 999 |
_c190245 _d190245 |
||